000 00538nam a22002051a 4500
001 2214
003 OSt
005 20260204211804.0
008 040206s1987||||sp ||||||b||||||||||spa||
020 _a842770762
050 _a370 F391p
082 _a370 F391p
100 _aFernández, Evaristo
245 _aProyecto educativo para una sociedad nueva / Evaristo Fernández
264 _aEspaña : Narcea
300 _a191 p.
500 _aIncluye bibliografía
650 _a1.Educación 2.Educación - ProyectoÌ
942 _2ddc
_cBK
999 _c2214
_d2214